000 00580nam a2200193 4500
001 149161
003 ES-MaACL
005 20230906202958.0
007 t|
008 070214s1966 sp r ||||1| spa d
100 1 _aSzulc, Tad.
_9109002
245 1 0 _aRevolución en Santo Domingo /
_cTad Szulc ; traducción de María Isabel Martino, Angel Ruiz Camps.
250 _a1ª. ed.
260 _aMadrid :
_bCid,
_c1966.
300 _a375 p. ;
_c20 cm.
700 1 _aMartino, María Isabel.
_978502
700 1 _aRuiz Camps, Angel.
_9100686
852 _aES-MaACL
_jC-30799
_bR.61391
999 _c149161
_d149161